000 00665nam a2200277Ia 4500
005 20260324133249.0
008 008 260324s9999 xx 000 0 eng d
020 _a9780429224911
037 _aEBOOK
040 _aCRL
040 _beng
040 _cCRL
041 _2eng
041 _aeng
084 _qCRL
100 _aM. Dalla Sera; Gianfranco Menestrina
_91192420
245 0 _aPore-forming Peptides and Protein Toxins
260 _bTaylor and Francis
260 _c2003
365 _a
365 _b465
856 _uhttp://www.taylorfrancis.com/books/9780429224911
942 _cEBOOK
999 _c1791308
_d1791308